Sports Quiz

Random Sports or Golf Quiz

U.S. Open Courses Quiz Stats

 Plays Quiz Updated Jun 18, 2018

Challenge
Share
Tweet
Embed
Score 0/17 Timer 05:00
1 Play Today
Times Played Course % Correct
5Pebble Beach Golf Links
90.1%
8Oakmont Country Club
61.8%
5Winged Foot Golf Club, West Course
52.1%
5Shinnecock Hills Golf Club
33%
5Olympic Club, Lake Course
30.1%
5Merion Golf Club, East Course
29.8%
3Southern Hills Country Club
29.7%
6Oakland Hills Country Club, South Course
28.9%
7Baltusrol Golf Club
27%
Times Played Course % Correct
3Medinah Country Club, Course No. 3
26.8%
3The Country Club
23.3%
3Oak Hill Country Club, East Course
23%
3Cherry Hills Country Club
16.2%
4Inverness Club
12.1%
3Congressional Country Club
11.5%
4Myopia Hunt Club
5.8%
3Chicago Golf Club
5.8%

You're not logged in!

Compare scores with friends on all Sporcle quizzes.
OR
Log In

You Might Also Like...

Show Comments

Extras

Top Quizzes Today


Score Distribution

Your Account Isn't Verified!

In order to create a playlist on Sporcle, you need to verify the email address you used during registration. Go to your Sporcle Settings to finish the process.

Report this User

Report this user for behavior that violates our Community Guidelines.

Details: